ბათუმის შოთა რუსთაველის სახელმწიფო უნივერსიტეტის ბიბლიოთეკა

Lexikologie der Deutschen gegenwarts-sprache (ბიბ.ჩანაწერი № 54580)

000 -LEADER
fixed length control field 00565nam a2200217Ia 4500
001 - CONTROL NUMBER
control field 21646
003 - CONTROL NUMBER IDENTIFIER
control field GE_BSU
008 - FIXED-LENGTH DATA ELEMENTS--GENERAL INFORMATION
fixed length control field 181216s||||||||xx |||||||||||||| ||und||
040 ## - CATALOGING SOURCE
Transcribing agency GE_BSU
100 ## - MAIN ENTRY--PERSONAL NAME
Personal name Stepanova,M. D.; Cernyseva I. I.
245 ## - TITLE STATEMENT
Title Lexikologie der Deutschen gegenwarts-sprache
250 ## - EDITION STATEMENT
Edition statement 2 Auflage
260 ## - PUBLICATION, DISTRIBUTION, ETC.
Place of publication, distribution, etc. Moskau
260 ## - PUBLICATION, DISTRIBUTION, ETC.
Name of publisher, distributor, etc. Vyssaja skola
260 ## - PUBLICATION, DISTRIBUTION, ETC.
Date of publication, distribution, etc. 1986
300 ## - PHYSICAL DESCRIPTION
Extent 248 p. 22cm.
653 ## - INDEX TERM--UNCONTROLLED
Uncontrolled term Lexikologie der Deutschen gegenwarts-sprache
653 ## - INDEX TERM--UNCONTROLLED
Uncontrolled term გერმანული ენა
942 ## - ADDED ENTRY ELEMENTS (KOHA)
Koha item type წიგნი
ეგზემპლარები
Withdrawn status Lost status Damaged status Not for loan Date acquired Barcode Date last seen Price effective from Koha item type
        2018-12-17 1465 2018-12-17 2018-12-17 წიგნი